[Event "BL 1213 (Women)"]
[Site "Germany"]
[Date "2013.03.09"]
[Round "10.5"]
[White "Skogvall, Martina"]
[Black "Zeller, Elisa"]
[Result "1-0"]
[WhiteElo "2067"]
[BlackElo "1903"]
[PlyCount "95"]
[EventDate "2012.10.06"]
[EventType "team-tourn"]
[EventRounds "11"]
[EventCountry "GER"]
[SourceTitle "EXT 2014"]
[Source "ChessBase"]
[SourceDate "2013.11.20"]
[SourceVersion "1"]
[SourceVersionDate "2013.11.20"]
[SourceQuality "1"]
[WhiteTeam "Grosslehna (W)"]
[BlackTeam "Deizisau (W)"]
[WhiteTeamCountry "GER"]
[BlackTeamCountry "GER"]

1. e4 e6 2. d4 d5 3. Nd2 Nf6 4. e5 Nfd7 5. Ndf3 c5 6. c3 Nc6 7. Bd3 Qb6 8. Ne2 cxd4 9. cxd4 Be7 10. 0-0 f6 11. Nf4 Nd8 12. Nh5 0-0 13. Re1 Nf7 14. Qc2 f5 15. Bd2 Qd8 16. Bxf5 exf5 17. e6 Ng5 18. Nxg5 Bxg5 19. exd7 Bxd7 20. Bb4 Re8 21. Qb3 Be6 22. Qg3 g6 23. Nf4 Bxf4 24. Qxf4 g5 25. Qf3 Qf6 26. Re5 g4 27. Qf4 Rac8 28. Rae1 b6 29. Bd6 Bf7 30. Be7 Qg6 31. g3 Rc7 32. Rxf5 Rcxe7 33. Rxe7 Rxe7 34. Rg5 h5 35. Rxg6+ Bxg6 36. Qg5 Re1+ 37. Kg2 Kh7 38. f4 gxf3+ 39. Kxf3 Be4+ 40. Kf2 Rh1 41. Qxh5+ Kg7 42. g4 Rb1 43. Qg5+ Kh7 44. h4 Rxb2+ 45. Kg3 Rxa2 46. h5 b5 47. Qe7+ Kg8 48. h6 1-0

[Event "BL 1213 (Women)"]
[Site "Germany"]
[Date "2012.12.02"]
[Round "4.5"]
[White "Voiska, Margarita"]
[Black "Skogvall, Martina"]
[Result "1-0"]
[WhiteElo "2298"]
[BlackElo "2067"]
[PlyCount "109"]
[EventDate "2012.10.06"]
[EventType "team-tourn"]
[EventRounds "11"]
[EventCountry "GER"]
[SourceTitle "EXT 2014"]
[Source "ChessBase"]
[SourceDate "2013.11.20"]
[SourceVersion "1"]
[SourceVersionDate "2013.11.20"]
[SourceQuality "1"]
[WhiteTeam "Muelheim Nord (W)"]
[BlackTeam "Grosslehna (W)"]
[WhiteTeamCountry "GER"]
[BlackTeamCountry "GER"]

1. g3 d5 2. Bg2 Nf6 3. c4 c6 4. Qa4 e6 5. Nf3 Nbd7 6. d3 Be7 7. 0-0 0-0 8. Bf4 Nh5 9. Bd2 e5 10. cxd5 cxd5 11. Nc3 Nc5 12. Qc2 d4 13. Na4 Nd7 14. b4 Rb8 15. Rfc1 b6 16. Nb2 b5 17. a4 bxa4 18. Nc4 Rb5 19. Rxa4 a6 20. Ra5 Bxb4 21. Rxb5 Bxd2 22. Qxd2 axb5 23. Ncxe5 Nxe5 24. Nxe5 Qd6 25. Nc6 Nf6 26. Qb2 Bd7 27. Qxd4 Qe6 28. Ne5 Rc8 29. Rxc8+ Bxc8 30. Qd8+ Qe8 31. Qxe8+ Nxe8 32. Nc6 Kf8 33. Nb4 Ke7 34. Kf1 f5 35. Ke1 Kd6 36. d4 Nf6 37. Kd2 Ne4+ 38. Bxe4 fxe4 39. Kc3 Bg4 40. e3 Be2 41. h4 Bf1 42. Na6 Be2 43. Nc5 Kd5 44. Kb4 Bf1 45. Nd7 Be2 46. Nf8 h6 47. Ng6 Kd6 48. Nf4 Bc4 49. Nh5 g5 50. hxg5 hxg5 51. Nf6 Bd3 52. Nh7 Ke6 53. Nxg5+ Kf5 54. Nf7 Ke6 55. Ne5 1-0

[Event "BL 1213 (Women)"]
[Site "Germany"]
[Date "2012.12.01"]
[Round "3.5"]
[White "Skogvall, Martina"]
[Black "Huppertz, Andrea"]
[Result "1-0"]
[WhiteElo "2067"]
[BlackElo "1864"]
[PlyCount "59"]
[EventDate "2012.10.06"]
[EventType "team-tourn"]
[EventRounds "11"]
[EventCountry "GER"]
[SourceTitle "EXT 2014"]
[Source "ChessBase"]
[SourceDate "2013.11.20"]
[SourceVersion "1"]
[SourceVersionDate "2013.11.20"]
[SourceQuality "1"]
[WhiteTeam "Grosslehna (W)"]
[BlackTeam "Wattenscheid (W)"]
[WhiteTeamCountry "GER"]
[BlackTeamCountry "GER"]

1. e4 c5 2. Nf3 d6 3. d4 cxd4 4. Nxd4 Nf6 5. Nc3 Bd7 6. Bg5 Nc6 7. Bxf6 gxf6 8. Nf5 h5 9. Be2 Qa5 10. Ne3 Bg7 11. 0-0 Qg5 12. Ncd5 0-0-0 13. b4 f5 14. f4 Qh4 15. b5 Nd4 16. b6 axb6 17. c3 Nxe2+ 18. Qxe2 fxe4 19. Nxb6+ Kb8 20. Nxd7+ Rxd7 21. Qb5 Rhd8 22. Nd5 e6 23. Nb6 Re7 24. Qa5 f5 25. Rab1 d5 26. Qa8+ Kc7 27. Nxd5+ Rxd5 28. Rxb7+ Kd6 29. Rb6+ Kc5 30. Qc6# 1-0

[Event "Berlin-ch qualification"]
[Site "Berlin-Lichtenrade"]
[Date "2012.04.11"]
[Round "6.11"]
[White "Skogvall, Martina"]
[Black "Batzaya, Ayush"]
[Result "1-0"]
[WhiteElo "2063"]
[BlackElo "1936"]
[PlyCount "71"]
[EventDate "2012.04.08"]
[EventType "swiss"]
[EventRounds "9"]
[EventCountry "GER"]
[SourceTitle "EXT 2022"]
[Source "ChessBase"]
[SourceDate "2021.10.06"]
[SourceVersion "1"]
[SourceVersionDate "2021.10.06"]
[SourceQuality "1"]

1. e4 Nc6 2. Nc3 e5 3. Nf3 Nf6 4. d4 exd4 5. Nxd4 d6 6. Bg5 Be7 7. Nxc6 bxc6 8. Bd3 Rb8 9. b3 h6 10. Be3 c5 11. 0-0 0-0 12. Qe2 Ng4 13. Bd2 Bf6 14. h3 Ne5 15. Rad1 c6 16. f4 Nxd3 17. Qxd3 Qc7 18. Ne2 a5 19. Qg3 Kh8 20. f5 Be5 21. Qh4 f6 22. Nf4 Bd4+ 23. Kh1 Re8 24. Rf3 d5 25. exd5 Bxf5 26. d6 Qd7 27. c3 Be5 28. Nd3 Kh7 29. Bxh6 gxh6 30. Nxc5 Qa7 31. d7 Rg8 32. Qc4 Bg6 33. Ne6 Qb6 34. g4 Bc7 35. Rxf6 Qe3 36. Nxc7 1-0